00473nam a2200193 a 4500001001300000003000900013005001700022008004100039020001000080082001700090100001700107245002200124260004100146300000800187500003500195505001300230650001900243700001700262nice12345678IN_TiNIC20260116011522.0050524s1942 lona grp 000 0 eng  ac10000a297.409bARB aArberry, A J aHistory of Sufism aLondonbLongmans, Green and Coc1942 a84p aincludes index and biblioraphy2 aAppendex aSufism-History1 aArberry, A J